[Event "Olympiad Women-39"]
[Site "Khanty-Mansiysk"]
[Date "2010.09.25"]
[Round "5.21"]
[White "Bensdorp, Marlies"]
[Black "Stetsko, Lanita"]
[Result "1/2-1/2"]
[WhiteElo "2288"]
[BlackElo "2148"]
[PlyCount "113"]
[EventDate "2010.09.21"]
[EventType "team-swiss"]
[EventRounds "11"]
[EventCountry "RUS"]
[SourceTitle "CBM 139"]
[Source "ChessBase"]
[SourceDate "2010.11.18"]
[SourceVersion "1"]
[SourceVersionDate "2010.11.18"]
[SourceQuality "1"]
[WhiteTeam "Netherlands (W)"]
[BlackTeam "Belarus (W)"]
[WhiteTeamCountry "NED"]
[BlackTeamCountry "BLR"]

1. d4 d5 2. c4 c6 3. Nf3 Nf6 4. e3 g6 5. Nc3 Bg7 6. Bd3 Bg4 7. 0-0 0-0 8. h3 Bxf3 9. Qxf3 e6 10. b3 Nbd7 11. Bb2 Re8 12. Rfd1 Qe7 13. Bf1 a6 14. Rac1 Rac8 15. a3 e5 16. cxd5 e4 17. Qe2 cxd5 18. Rc2 Rc6 19. Rdc1 Rec8 20. b4 Nb6 21. Qd1 Ne8 22. b5 axb5 23. Bxb5 R6c7 24. a4 Qe6 25. Ba3 Nc4 26. Bc5 Na5 27. Bb4 Nc6 28. Ba3 Bf8 29. Bxf8 Kxf8 30. Ne2 Nb4 31. Rxc7 Rxc7 32. Rb1 Nc6 33. Nf4 Qd6 34. Rc1 Nb4 35. Rb1 Nc6 36. Bxc6 Qxc6 37. Rb5 Nf6 38. Qb1 Kg7 39. Rc5 Qd7 40. Rxc7 Qxc7 41. Qb5 Qc1+ 42. Kh2 Qc7 43. g3 Qc2 44. Kg2 Qd1 45. Qxb7 g5 46. Ne6+ Kg6 47. Nd8 Qf3+ 48. Kg1 Qd1+ 49. Kh2 Qf3 50. Qb2 h5 51. a5 h4 52. g4 Nxg4+ 53. Kg1 Qd1+ 54. Kg2 Qf3+ 55. Kg1 Qd1+ 56. Kg2 Qf3+ 57. Kg1 1/2-1/2

[Event "Olympiad Women-39"]
[Site "Khanty-Mansiysk"]
[Date "2010.09.24"]
[Round "4.10"]
[White "Bensdorp, Marlies"]
[Black "Zimina, Olga"]
[Result "0-1"]
[WhiteElo "2288"]
[BlackElo "2334"]
[PlyCount "58"]
[EventDate "2010.09.21"]
[EventType "team-swiss"]
[EventRounds "11"]
[EventCountry "RUS"]
[SourceTitle "CBM 139"]
[Source "ChessBase"]
[SourceDate "2010.11.18"]
[SourceVersion "1"]
[SourceVersionDate "2010.11.18"]
[SourceQuality "1"]
[WhiteTeam "Netherlands (W)"]
[BlackTeam "Italy (W)"]
[WhiteTeamCountry "NED"]
[BlackTeamCountry "ITA"]

1. d4 d5 2. c4 e6 3. Nf3 c6 4. e3 Nf6 5. Bd3 dxc4 6. Bxc4 Nbd7 7. 0-0 Bd6 8. Nc3 b5 9. Bd3 0-0 10. Qe2 Bb7 11. Rd1 Qe7 12. e4 e5 13. dxe5 Nxe5 14. Nxe5 Bxe5 15. f4 Bd4+ 16. Kh1 b4 17. Nb1 c5 18. Nd2 h5 19. Rf1 Rad8 20. h3 Ng4 21. Bb1 Ne3 22. Re1 Rfe8 23. Qxh5 Rd6 24. Qf3 Nf5 25. Nf1 Re6 26. a3 Bxe4 27. Bxe4 Rxe4 28. Rd1 Re2 29. g3 Rf2 0-1

[Event "Olympiad Women-39"]
[Site "Khanty-Mansiysk"]
[Date "2010.09.23"]
[Round "3.11"]
[White "Kaps, Darja"]
[Black "Bensdorp, Marlies"]
[Result "1/2-1/2"]
[WhiteElo "2300"]
[BlackElo "2288"]
[PlyCount "78"]
[EventDate "2010.09.21"]
[EventType "team-swiss"]
[EventRounds "11"]
[EventCountry "RUS"]
[SourceTitle "CBM 139"]
[Source "ChessBase"]
[SourceDate "2010.11.18"]
[SourceVersion "1"]
[SourceVersionDate "2010.11.18"]
[SourceQuality "1"]
[WhiteTeam "Slovenia (W)"]
[BlackTeam "Netherlands (W)"]
[WhiteTeamCountry "SLO"]
[BlackTeamCountry "NED"]

1. e4 e6 2. Qe2 c5 3. g3 d5 4. exd5 Qxd5 5. Nf3 Nc6 6. Nc3 Qd8 7. Bg2 Nf6 8. 0-0 Be7 9. d3 0-0 10. Bf4 a6 11. Ne4 Nd5 12. Bd2 h6 13. c4 Ndb4 14. Bxb4 cxb4 15. Rad1 e5 16. Ned2 Qc7 17. Rfe1 Bg4 18. h3 Bxf3 19. Bxf3 Bf6 20. Bxc6 Qxc6 21. Ne4 Be7 22. g4 Rfe8 23. b3 Rad8 24. Qe3 Bf8 25. Kg2 Re6 26. Qf3 Rd4 27. Ng3 Qxf3+ 28. Kxf3 g6 29. Re4 Bc5 30. Ke2 Rd7 31. Rf1 Bd6 32. f3 Kg7 33. h4 Be7 34. Rh1 Bd8 35. h5 Bg5 36. hxg6 fxg6 37. Rd1 Kf7 38. Nf1 Kf6 39. Ne3 Bxe3 1/2-1/2

[Event "Olympiad Women-39"]
[Site "Khanty-Mansiysk"]
[Date "2010.09.22"]
[Round "2.13"]
[White "Jorgensen, Carina Eilegaard"]
[Black "Bensdorp, Marlies"]
[Result "0-1"]
[WhiteElo "2025"]
[BlackElo "2288"]
[PlyCount "102"]
[EventDate "2010.09.21"]
[EventType "team-swiss"]
[EventRounds "11"]
[EventCountry "RUS"]
[SourceTitle "CBM 139"]
[Source "ChessBase"]
[SourceDate "2010.11.18"]
[SourceVersion "1"]
[SourceVersionDate "2010.11.18"]
[SourceQuality "1"]
[WhiteTeam "Denmark (W)"]
[BlackTeam "Netherlands (W)"]
[WhiteTeamCountry "DEN"]
[BlackTeamCountry "NED"]

1. d4 d5 2. c4 c6 3. cxd5 cxd5 4. Nc3 Nf6 5. h3 Nc6 6. Nf3 Bf5 7. Nh4 Be4 8. e3 e6 9. Nf3 Bd6 10. Nxe4 Nxe4 11. Bd3 f5 12. 0-0 0-0 13. Bb5 Rc8 14. Nd2 Qb6 15. Nxe4 fxe4 16. a4 a6 17. Bxc6 Rxc6 18. a5 Qc7 19. Bd2 Qe7 20. Bc3 Bb8 21. f4 exf3 22. Rxf3 Rcc8 23. Qf1 Qd6 24. Kf2 Rxf3+ 25. gxf3 Qg3+ 26. Ke2 Bd6 27. Re1 Rf8 28. f4 Rf6 29. Qf3 Qg6 30. Kd2 Qf5 31. Rg1 Rh6 32. Rg4 Qb1 33. Qg2 Bf8 34. Rg5 Rf6 35. h4 h6 36. Rg3 Kf7 37. Qf3 Qf5 38. Qg4 Qxg4 39. Rxg4 Rg6 40. Rxg6 Kxg6 41. Ke2 Kh5 42. Kf3 Kxh4 43. Be1+ Kh5 44. f5 Kg5 45. fxe6 Kf5 46. Bg3 Be7 47. e4+ dxe4+ 48. Ke2 Kxe6 49. Ke3 Kd5 50. Be5 Bg5+ 51. Ke2 Bf6 0-1

[Event "Paleochora op 3rd"]
[Site "Paleochora"]
[Date "2010.07.23"]
[Round "3"]
[White "Banikas, Hristos"]
[Black "Bensdorp, Marlies"]
[Result "1-0"]
[WhiteElo "2591"]
[BlackElo "2301"]
[PlyCount "73"]
[EventDate "2010.07.22"]
[EventType "swiss"]
[EventRounds "9"]
[EventCountry "GRE"]
[SourceTitle "CBM 137 Extra"]
[Source "ChessBase"]
[SourceDate "2010.09.01"]
[SourceVersion "1"]
[SourceVersionDate "2010.09.01"]
[SourceQuality "1"]

1. Nf3 d5 2. c4 e6 3. d4 Nf6 4. Nc3 Be7 5. Bg5 h6 6. Bh4 0-0 7. Qc2 c5 8. dxc5 dxc4 9. e3 Qa5 10. Bxc4 Qxc5 11. Be2 Nc6 12. Rc1 Qa5 13. 0-0 a6 14. Rfd1 Rd8 15. Nd2 Nb4 16. Qb1 b5 17. Bf3 Ra7 18. a3 Nbd5 19. Nb3 Qb6 20. Bxd5 Nxd5 21. Nxd5 exd5 22. Bxe7 Rxe7 23. Nd4 Bd7 24. Qc2 Ree8 25. Qc7 Qxc7 26. Rxc7 Bg4 27. Rdc1 Rc8 28. f3 Rxc7 29. Rxc7 Bc8 30. Kf2 Kf8 31. Ke2 Be6 32. Kd2 Ra8 33. Kc3 Ke8 34. Nxe6 fxe6 35. Rxg7 Rc8+ 36. Kd2 Rc6 37. Rg6 1-0

[Event "Rethymno op 2nd"]
[Site "Rethymno"]
[Date "2010.07.20"]
[Round "9"]
[White "Bensdorp, Marlies"]
[Black "Pap, Misa"]
[Result "1/2-1/2"]
[WhiteElo "2301"]
[BlackElo "2509"]
[PlyCount "104"]
[EventDate "2010.07.13"]
[EventType "swiss"]
[EventRounds "9"]
[EventCountry "GRE"]
[SourceTitle "CBM 137 Extra"]
[Source "ChessBase"]
[SourceDate "2010.09.01"]
[SourceVersion "1"]
[SourceVersionDate "2010.09.01"]
[SourceQuality "1"]

1. d4 Nf6 2. c4 c5 3. d5 b5 4. Qc2 b4 5. e4 d6 6. f4 g6 7. Nf3 Bg7 8. Bd3 0-0 9. 0-0 a5 10. e5 Ne8 11. Nbd2 Na6 12. Ne4 b3 13. Qxb3 Nb4 14. a3 a4 15. Qd1 Nxd3 16. Qxd3 Rb8 17. Rf2 Rb3 18. Qe2 Bf5 19. Nc3 Qa5 20. Be3 Bg4 21. Ne4 dxe5 22. fxe5 Bxe5 23. Qe1 Qxe1+ 24. Rxe1 Bxf3 25. Rxf3 Rxb2 26. Nxc5 Nf6 27. Nd3 Bc3 28. Nxb2 Bxe1 29. Rf1 Ba5 30. Nxa4 Rb8 31. d6 Ng4 32. Ba7 Rb7 33. dxe7 Rxe7 34. Bb6 Ne3 35. Rb1 Nxc4 36. Bxa5 Nxa5 37. Nc5 Nc4 38. a4 Re5 39. Nd3 Re3 40. Rd1 Re2 41. Rc1 Ne3 42. Re1 Rxg2+ 43. Kh1 Ra2 44. Rxe3 Rxa4 45. Kg2 Kg7 46. Re7 Ra2+ 47. Nf2 h5 48. h4 Kf6 49. Rb7 Ke6 50. Kf3 Ra3+ 51. Kf4 Ra4+ 52. Kg3 Ra3+ 1/2-1/2

[Event "Rethymno op 2nd"]
[Site "Rethymno"]
[Date "2010.07.19"]
[Round "8"]
[White "Valenti, Giuseppe"]
[Black "Bensdorp, Marlies"]
[Result "0-1"]
[WhiteElo "2169"]
[BlackElo "2301"]
[PlyCount "90"]
[EventDate "2010.07.13"]
[EventType "swiss"]
[EventRounds "9"]
[EventCountry "GRE"]
[SourceTitle "CBM 137 Extra"]
[Source "ChessBase"]
[SourceDate "2010.09.01"]
[SourceVersion "1"]
[SourceVersionDate "2010.09.01"]
[SourceQuality "1"]

1. e4 e6 2. d4 d5 3. Nc3 Nf6 4. Bg5 dxe4 5. Nxe4 Be7 6. Bxf6 Bxf6 7. Nf3 Nd7 8. Bd3 0-0 9. Nxf6+ Qxf6 10. 0-0 c5 11. c3 cxd4 12. cxd4 Nb6 13. Rc1 Rd8 14. Qe2 g6 15. a3 Nd5 16. g3 b6 17. Be4 Bb7 18. Ne5 Qe7 19. Rfd1 Rd6 20. Nc4 Ba6 21. Qe1 Bxc4 22. Rxc4 Rad8 23. Bg2 Qd7 24. Qe5 Qb5 25. Rc2 Qb3 26. Rdc1 f6 27. Qe2 Kf7 28. Qa6 R6d7 29. Rd2 Ne7 30. Rcd1 Rc7 31. Qe2 Rd6 32. Rd3 Qb5 33. Qd2 Kg7 34. g4 a5 35. h4 h6 36. f4 Qa4 37. g5 Nf5 38. gxf6+ Kf7 39. h5 gxh5 40. Qe2 Qb5 41. Qxh5+ Kxf6 42. Rg3 Rg7 43. Rxg7 Kxg7 44. Be4 Rxd4 45. Bxf5 Qxf5 0-1

[Event "Rethymno op 2nd"]
[Site "Rethymno"]
[Date "2010.07.18"]
[Round "7"]
[White "Bensdorp, Marlies"]
[Black "Royset, Pal"]
[Result "1/2-1/2"]
[WhiteElo "2301"]
[BlackElo "2152"]
[PlyCount "96"]
[EventDate "2010.07.13"]
[EventType "swiss"]
[EventRounds "9"]
[EventCountry "GRE"]
[SourceTitle "CBM 137 Extra"]
[Source "ChessBase"]
[SourceDate "2010.09.01"]
[SourceVersion "1"]
[SourceVersionDate "2010.09.01"]
[SourceQuality "1"]

1. d4 Nf6 2. c4 e6 3. Nf3 Bb4+ 4. Bd2 c5 5. Bxb4 cxb4 6. g3 b6 7. Bg2 Bb7 8. 0-0 0-0 9. a3 bxa3 10. Rxa3 d6 11. Nc3 a5 12. Re1 Na6 13. e4 Rc8 14. Nd2 e5 15. d5 Nc5 16. Bh3 Rc7 17. Nb5 Re7 18. Qb1 Na6 19. Nf1 Ne8 20. Ne3 Bc8 21. Bf1 g6 22. Qc1 f5 23. exf5 gxf5 24. Ng2 Nf6 25. f4 Ne4 26. Qd1 Nac5 27. Bd3 Nf6 28. Bb1 Nce4 29. fxe5 dxe5 30. d6 Rg7 31. Bxe4 fxe4 32. Ne3 Bh3 33. Qd2 Rgf7 34. Raa1 Qc8 35. Nc7 Ng4 36. Nxg4 Qxg4 37. d7 Rxd7 38. Nd5 Rdf7 39. Ne3 Qf3 40. Qe2 h5 41. Qxf3 exf3 42. Kf2 Be6 43. Red1 Rc8 44. b3 Rc6 45. Rd8+ Kg7 46. Rad1 Rf6 47. Ra8 Kg6 48. Rd2 Kg7 1/2-1/2

[Event "Rethymno op 2nd"]
[Site "Rethymno"]
[Date "2010.07.16"]
[Round "5"]
[White "Bensdorp, Marlies"]
[Black "Hovhannisyan, Mher"]
[Result "0-1"]
[WhiteElo "2301"]
[BlackElo "2479"]
[PlyCount "86"]
[EventDate "2010.07.13"]
[EventType "swiss"]
[EventRounds "9"]
[EventCountry "GRE"]
[SourceTitle "CBM 137 Extra"]
[Source "ChessBase"]
[SourceDate "2010.09.01"]
[SourceVersion "1"]
[SourceVersionDate "2010.09.01"]
[SourceQuality "1"]

1. d4 c5 2. d5 g6 3. c4 Bg7 4. e4 d6 5. Bd3 Nf6 6. Nc3 0-0 7. h3 a6 8. a4 e5 9. Nge2 Nbd7 10. 0-0 Nh5 11. Be3 f5 12. exf5 gxf5 13. Ng3 Nxg3 14. fxg3 e4 15. Bc2 Ne5 16. Qe2 Bd7 17. Rae1 Qb6 18. Nd1 Qb4 19. b3 b5 20. Bd2 Qa3 21. axb5 axb5 22. cxb5 Rab8 23. Qh5 c4 24. bxc4 Nxc4 25. Bf4 Rxb5 26. Kh1 Qc5 27. Bh6 Be8 28. Qg5 Bg6 29. Bxg7 Kxg7 30. g4 h6 31. Qf4 Rbb8 32. Qg3 fxg4 33. Qxg4 Ne5 34. Qe2 Rxf1+ 35. Rxf1 Qxd5 36. Nc3 Qc4 37. Qxc4 Nxc4 38. Bxe4 Nd2 39. Rd1 Nxe4 40. Nxe4 Bxe4 41. Rxd6 Rb2 42. Rd4 Bxg2+ 43. Kh2 Bf1+ 0-1